000 00721nam a2200217Ia 4500
003 GCL
008 140319s9999 xx 000 0 ara d
040 _aGCL /
_cGCL
082 0 4 _aد
_b050
100 1 _aمحمد الربيعى
245 1 0 _aالوراثة والانسان: اساسيات الوراثة البشرية والطبية (عالم المعرفة 100) /
_cمحمد الربيعى
300 _a230 ص
490 _aعالم المعرفة
_v0
650 0 4 _aالامراض الوراثية
650 0 4 _aالانسان
650 0 4 _aالوراثة
650 0 4 _aالسلالات البشرية
650 0 4 _aفسيولوجيا الوراثة
650 0 4 _aالاحياء، علم
942 _2ddc
_cBK
999 _c50341
_d50341